000 00481nam a2200181Ia 4500
008 090123s9999 xx 000 0 und d
082 _b611
_a891.463/निसळ
100 _aनिसळ शांता
245 _aराखण
250 _a1
260 _bकुलकर्णी अ.अ.
300 _a237
600 _aनिसळ शांता
630 _aराखण
700 _aनिसळ शांता
730 _aराखण
942 _cBOOK
999 _c38698
_d38698